Datum a čas kvízu
39
Celkem bodů
Celkový počet nahraných bodů na tomto kvízu bez doplňovacích otázek.
1.
Pořadí na kvízu
Konečné umístění týmu na tomto kvízu.
Zaznamenané odpovědi
| # | Otázka | Odpověď | Body | Výsledky |
|---|---|---|---|---|
| 1. | Agentury STEM/MARK a Median mi... | 1 | ||
| 2. | "Filosof a revolucionář Karl M... | 1 | ||
| 3. | Americká Akademie filmových um... | 1 | ||
| 4. | Desítky nových "hackerů" ročně... | 1 | ||
| 5. | Minulý týden začala první cykl... | 1 | ||
| 6. | Košile patří k základním typům... | 0 | ||
| 7. | Dámská obdoba košile se nejčas... | 0 | ||
| 8. | Paramilitární křídlo italských... | 1 | ||
| 9. | Balada Svatební košile je souč... | 1 | ||
| 10. | Polotriko, zkráceně polo, je j... | 1 |